00568nam a2200121Ia 4500008004100000020001800041100007400059245012800133260002700261650002200288650009500310856004100405171212s9999 xx 000 0 und d a9780833038593 aRiley, K. Jack;Treverton, Gregory F.;Wilson, Jeremy M.;Davis, Lois M. cRiley, K. Jack;Treverton, Gregory F.;Wilson, Jeremy M.;Davis, Lois M.aState and Local Intelligence in the War on Terrorism bRAND Corporationc2005 aPolitical Science aWar on Terrorism, 2001–2; Law enforcement; Intelligence service; Terrorism -- Prevention uwww.jstor.org/stable/10.7249/mg394rc